000 00588naa a2200193 4500
001 159250
003 ES-MaBCM
005 20241016190300.0
008 080717s2008 gbr|r0p 0 ||eng d
021 _axx
035 _a(OCoLC)1365120199
040 _cES-MaBCM
100 1 _aJackson, John H.
_923253
245 0 0 _aThe case of World Trade Organization
_cJohn H. Jackson
773 0 _aEn:
_tInternational affairs
_dCambridge
_w104599
_gVol. 84, no. 3 (May 2008), p. 437-454
942 _cAREV
999 _c159250
_d159250
610 _aOrganización Mundial del Comercio
_952685
650 0 _aCrisis sanitaria
_9127584